000 00631nam a2200241Ia 4500
001 40770
005 20240114003353.0
007 ta
008 080121s1945 g b000 u 346 u
040 _aCotton College,Assam
041 _a346
082 _a891.442
_bB 469 N
100 _aBhattacharya, Bijan .
245 0 _aNabanna /
_cBijan Bhattacharya.
_hTextual Documents
250 _a3rd ed. /
260 _aCalcutta :
_bInternational Publishinh house ,
_c1945.
300 _a132p. ;
_c18cm.
653 _aBengali Drama
653 _aG-Bengali
942 _2ddc
_cBK
999 _c40740
_d40740